Earthquake data services and publications.

Saved in:
Bibliographic Details
Corporate Author: National Geophysical and Solar-Terrestrial Data Center (U.S.)
Format: Book
Language:English
Published: Boulder, Colo. : U.S. Dept. of Commerce, Environmental Data Service, National Geophysical and Solar-Terrestrial Data Center, 1978.
Subjects:
LEADER 00980nam a2200229 a 4500
001 c000160262
003 CARM
005 19890504000000.0
008 860318s1978 couab f000 0 eng d
019 1 |a 3679306  |5 LACONCORD2021 
035 |a (OCoLC)21775231  |5 LACONCORD2021 
040 |a NSL:R  |b eng  |c NSL:R  |d VIT 
082 1 4 |a 016/.551/22  |2 19 
110 2 |a National Geophysical and Solar-Terrestrial Data Center (U.S.) 
245 1 0 |a Earthquake data services and publications. 
260 |a Boulder, Colo. :  |b U.S. Dept. of Commerce, Environmental Data Service, National Geophysical and Solar-Terrestrial Data Center,  |c 1978. 
300 |a iii, 15 p.  |b ill., maps  |c 28 cm. 
650 0 |a Seismology  |x Bibliography. 
650 0 |a Earthquakes  |x Bibliography. 
852 8 |b CARM  |h A2:AL35D5  |i D05652  |p 0211083  |f BK 
999 f f |i b16c4822-87c1-5a75-8a66-5d4e5ed4c6c6  |s d820d6c7-fbd9-58b2-9bf0-66455c527c76 
952 f f |p Can circulate  |a CAVAL  |b CAVAL  |c CAVAL  |d CARM 1 Store  |e D05652  |f A2:AL35D5  |h Other scheme  |i book  |m 0211083